Educación general básica. Los contenidos en la enseñanza. Aportes para el debate metodológico y el análisis institucional
Đã lưu trong:
| Tác giả chính: | |
|---|---|
| Định dạng: | Sách |
| Ngôn ngữ: | Tiếng Tây Ban Nha |
| Được phát hành: |
Buenos Aires
Novedades Educativas
1995
|
| Phiên bản: | 1a. ed |
| Những chủ đề: | |
| Các nhãn: |
Thêm thẻ
Không có thẻ, Là người đầu tiên thẻ bản ghi này!
|
MARC
| LEADER | 00000nam a2200000 a 4500 | ||
|---|---|---|---|
| 001 | UCI3647 | ||
| 003 | CL-VaPUC | ||
| 008 | 071123e19950000AG |||||||||||||||||spa|d | ||
| 020 | |a 9879116011 | ||
| 082 | 0 | 4 | |a 372.01 |b PIN |2 21 |
| 100 | 0 | |a Pinkasz, Daniel |e author |9 525085 | |
| 245 | 1 | 0 | |a Educación general básica. Los contenidos en la enseñanza. Aportes para el debate metodológico y el análisis institucional |
| 250 | |a 1a. ed | ||
| 300 | |a 188 p | ||
| 942 | |c BK | ||
| 945 | |d 20071123 00:00:00 |a rbrito | ||
| 260 | |a Buenos Aires |b Novedades Educativas |c 1995 | ||
| 650 | 0 | |a Educación básica |9 224933 | |
| 650 | 0 | |a Métodos de enseñanza |9 270413 | |
| 650 | 0 | |a Matemáticas |x Enseñanza |9 875527 | |
| 650 | 0 | |a Enseñanza de las ciencias sociales |9 337823 | |
| 650 | 0 | |a Enseñanza de las ciencias |9 331919 | |
| 650 | 0 | |a Enseñanza de idiomas |9 339820 | |
| 583 | |a last modification |c 20071123 00:00:00 |k Rodrigo Vera | ||
| 999 | |c 327779 |d 327777 | ||
| 952 | |0 0 |1 0 |4 0 |6 372_010000000000000_PIN_1995 |7 0 |8 A |9 411203 |a BIBEDU |b BIBEDU |d 2019-11-22 |i 4391454 |o 372.01 PIN 1995 |p 4391454 |r 2019-11-22 |w 2019-11-22 |y BK |k EBA | ||